| 000 | 00511nam a2200157 i 4500 | ||
|---|---|---|---|
| 001 | 75389 | ||
| 003 | ES-MaACL | ||
| 007 | t| | ||
| 008 | 040924s1974 sp ||||1| spa d | ||
| 100 | 1 |
_aGrases, Pedro J. _959689 |
|
| 245 | 1 | 0 |
_aGuía práctica de biopsia hepática en el adulto _b: correlación clinicopatológica / _cPedro J., Simón Beker G. |
| 260 |
_aBarcelona : _bLabor, _c[1974] |
||
| 300 |
_aXII, 104 p. : _bil. ; _c28 cm. |
||
| 700 | 1 |
_aBeker G., Grases. _927101 |
|
| 852 |
_aES-MaACL _jE-8794 _bR.93320 |
||
| 999 |
_c75389 _d75389 |
||